Färre brottmal: förslag till ökade möjligheter till atalsunderlatelse och förundersökningsbegränsning; betänkande

Guardado en:  
Detalles Bibliográficos
Tipo de documento: Print Libro
Lenguaje:Sueco
Publicado: Stockholm LiberFörlag 1976
En: Statens offentliga utredningar (1976,47)
Año: 1976
Disponibilidad en Tübingen:Disponible en Tübingen.
UB: KB 8 A 319
Verificar disponibilidad: HBZ Gateway
Servicio de pedido Subito: Pedir ahora.

MARC

LEADER 00000cam a22000002c 4500
001 1093931264
003 DE-627
005 20220514135158.0
007 tu
008 910418s1976 xx ||||| 00| ||swe c
035 |a (DE-627)1093931264 
035 |a (DE-576)023931264 
035 |a (DE-599)BSZ023931264 
035 |a (OCoLC)311494756 
040 |a DE-627  |b ger  |c DE-627  |e rakwb 
041 |a swe 
245 0 0 |a Färre brottmal  |b förslag till ökade möjligheter till atalsunderlatelse och förundersökningsbegränsning; betänkande 
264 1 |a Stockholm  |b LiberFörlag  |c 1976 
300 |a 115 p. 
336 |a Text  |b txt  |2 rdacontent 
337 |a ohne Hilfsmittel zu benutzen  |b n  |2 rdamedia 
338 |a Band  |b nc  |2 rdacarrier 
490 1 |a Statens offentliga utredningar  |v 1976,47 
583 1 |a Archivierung prüfen  |c 20200919  |f DE-640  |z 2  |2 pdager 
830 0 |a Statens offentliga utredningar  |v 1976,47  |9 1976,47  |w (DE-627)130510556  |w (DE-576)016085450  |w (DE-600)763816-4  |x 0375-250X  |7 am 
951 |a BO 
ELC |b 1 
LOK |0 000 xxxxxcx a22 zn 4500 
LOK |0 001 2163172694 
LOK |0 003 DE-627 
LOK |0 004 1093931264 
LOK |0 005 20020606000000 
LOK |0 008 910418||||||||||||||||ger||||||| 
LOK |0 040   |a DE-21  |c DE-627  |d DE-21 
LOK |0 852   |a DE-21 
LOK |0 852 1  |c KB 8 A 319  |9 00 
LOK |0 935   |a krim 
LOK |0 936ln  |a k2.4 
LOK |0 939   |a 18-04-91  |b l01 
ORI |a SA-MARC-krimdoka001.raw 
SIG |a UB: KB 8 A 319